| 000 | 00533nam a2200169 a 4500 | ||
|---|---|---|---|
| 001 | 000021639 | ||
| 005 | 20200930011407.0 | ||
| 008 | 100909s1993 dr c 000 0 spa d | ||
| 040 |
_aDO-SdBNP _bspa _cBNPHU |
||
| 082 |
_axxx _bC744b |
||
| 100 | 1 |
_aConcepción , Patria Quisquella Ana _98243 |
|
| 245 | 1 | 0 |
_aBalaguer, el reformador / _cPatria Quisquella Ana Concepción. |
| 260 |
_aLa Vega : _bUniversal, _c1993. |
||
| 300 |
_a388 p. : _bretrs. ; _c22 cm. |
||
| 500 | _aIncluye datos biográficos de la autora p. 11-14 | ||
| 049 | _aBNPD | ||
| 999 |
_c21138 _d21138 |
||